000 00375nam a2200145Ia 4500
008 230711s9999||||xx |||||||||||||| ||und||
041 _aENG
082 _a624
_bPR-D
100 _aParashar B P
245 0 _aDifferential and integral equations
250 _a1st Ed.
260 _c1992
_aNew Delhi
_bCBS Publishers & Distributors Pvt.Ltd
650 _aMathematics
942 _cBK
999 _c2584
_d2584